Hodnotenie rizík priamych zahraničných investícií bakalárska práca

Gespeichert in:
Bibliographische Detailangaben
1. Verfasser: Gejdošová, Mária
Körperschaft: Národohospodárska fakulta EU. Katedra bankovníctva a medzinárodných financií
Weitere Verfasser: Chorvatovič, Martin
Format: Buch
Sprache:Slowakisch
Veröffentlicht: Bratislava 2009
Tags: Tag hinzufügen
Keine Tags, Fügen Sie das erste Tag hinzu!

MARC

LEADER 00000nam$a2200000$$$4500
001 0100148
005 20240319123227.6
041 0 |a slo 
044 |a SK 
245 1 0 |a Hodnotenie rizík priamych zahraničných investícií  |b bakalárska práca  |c Mária Gejdošová ; škol. Martin Chorvatovič 
264 1 |a Bratislava  |c 2009 
300 |a 34 s. 
100 1 |a Gejdošová, Mária 
700 1 |a Chorvatovič, Martin 
710 2 |a Národohospodárska fakulta EU. Katedra bankovníctva a medzinárodných financií